Statistics for Which One Isn't ? #2

Click here to take the quiz!

General Stats

  • This quiz has been taken 18 times
  • The average score is 6 of 15

Answer Stats

QuestionAnswer% Correct
Which One Isn't ....associated with the Beatles ?
83%
Which One Isn't ....a European banknote ?
72%
Which One Isn't ....a Ford Mustang ?
72%
Which One Isn't ....the Taj Mahal, Agra, India ?
67%
Which One Isn't ....the Amazon Rainforest ?
56%
Which One Isn't ....Gold ?
50%
Which One Isn't ....the International Space Station (ISS) ?
50%
Which One Isn't ....Uluru (or Ayer's Rock), Australia ?
44%
Which One Isn't ....a breed of cattle ?
44%
Which One Isn't ....Gibraltar ?
22%
Which One Isn't ....London, UK ?
22%
Which One Isn't ....Havana, Cuba ?
17%
Which One Isn't ....Yellowstone National Park ?
17%
Which One Isn't ....NASA Kennedy Space Center ?
11%
Which One Isn't ....Pyongyang, North Korea ?
11%

Score Distribution

Percentile by Number Answered

Percent of People with Each Score

Your Score History

You have not taken this quiz